Statistics for H Answers Quiz #2

Click here to take the quiz!

General Stats

  • This quiz has been taken 32,781 times
  • The average score is 16 of 24

Answer Stats

ClueAnswer% Correct
Name of 8 English kingsHenry
98%
# in a Twitter postHashtag
90%
Certain eye colorHazel
86%
Cardiologist's forteHeart
86%
Notable escape artistHoudini
86%
Capital city whose name rhymes with "annoy"Hanoi
85%
Strongman of Greek mythologyHeracles
85%
Angels have them. Beyoncé can see yours.Halo
84%
Sled dog breedHusky
84%
Musical instrument that is a symbol of IrelandHarp
80%
Where goulash came fromHungary
77%
Her face launched 1,000 shipsHelen
67%
Zeppelin that burst into flamesHindenburg
64%
Many-headed serpent of Greek mythologyHydra
62%
France's shapeHexagon
61%
Calvin's stuffed tigerHobbes
53%
Engelbert's last nameHumperdinck
51%
First to climb EverestHillary
49%
Political opposite of a doveHawk
46%
Ice world of "The Empire Strikes Back"Hoth
43%
Popular sans-serif fontHelvetica
42%
Jester with a checkered costumeHarlequin
38%
Last name of Uday and Qusay Hussein
36%
Ethnic group from the mountains of IndochinaHmong
16%

Score Distribution

Percentile by Number Answered

Percent of People with Each Score

Your Score History

You have not taken this quiz